LDR 01071nam a2200229 4500 001 000000367054 003 CaOOAMICUS 005 20260327124559.0 008 260327s1891 it a 000 u ita r 040 $aSeMil$bita 100 1 $aAlimonda, Gaetano
.$0(OLS)http://semarc/name/2717 245 10$aSan Gaetano Tiene o la difesa del Vangelo in Italia /$cun ricordo del Cardinale Gaetano Alimonda. 246 0 $aLa difesa del Vangelo in Italia 264 1$aTorino :$bTipografia salesiana,$c1891. 300 $a63 p. :$b1 p. di ritratto ;$c26 cm 650 4$aGaetano : da Thiene
- Scritti.$0(OLS)http://semarc/subject/22175 850 $aSeMil 852 $aSeMil$W1$xVenegono$y1$m5C VIII 9/11$j269228$B257785$CSeMilBibl$Z2$F257785 $8I 996 $6245$aSan Gaetano Tiene o la difesa del Vangelo in Italia$9(OLS)http://semarc/title/458876 996 $6246$aLa difesa del Vangelo in Italia$9(OLS)http://semarc/title/458877 996 $6264$aTorino :$bTipografia salesiana$9(OLS)http://semarc/publisher/37035